000 00460nam a22001817i 4500
001 3464
003 OSt
005 20170126082319.0
007 tu
008 161220s1996 xxu||||| |||| 00| 0 d
024 7 _a3463
_2RID
040 _cOSt
084 _a10.341
_a10.53
_a10.6
_2z
245 0 0 _aHuman Development Report 1996
260 _aOxford :
_bOxford University Press,
_c1996.
300 _a229 S. ;
_c30cm.
110 2 _aUnited Nations Development Programme (UNDP)
_eEd.
942 _cB
999 _c3414
_d3414